LEADER 00920nam a2200217 i 4500 001 000000198482 003 CaOOAMICUS 005 20110303000000.0 008 110303s1963 it u000 u ita u 013 $a177170 040 $aSeMil$bita 100 1 $aUdina, Manlio.$0(OLS)http://semarc/name/71833 245 12$aL'Organizzazione delle Nazioni Unite :$bintroduzione e testi annotati /$cManlio Udina. 260 $aPadova :$bCEDAM,$c1963. 300 $aX, 221 p. ;$c23 cm. 500 $aContiene : Bibliografia e documentazioni essenziali. 650 4$aONU .$0(OLS)http://semarc/subject/11489 850 $aSeMil 852 $aSeMil$W1$xVenegono$y1$m3L III 163$j149038$B149038$CSeMilBibl$Z2$F160445 $81 996 $6245$aL'Organizzazione delle Nazioni Unite :$bintroduzione e testi annotati$9(OLS)http://semarc/title/286823 996 $6260$aPadova :$bCEDAM$9(OLS)http://semarc/publisher/30274 LEADER 01144nam a2200265 i 4500 001 000000035910 003 CaOOAMICUS 005 20260112154626.0 008 931231n it u000 u ita u 020 $a88-209-1583-9 040 $aSeMil$bita 110 2 $aChiesa Cattolica.$0(OLS)http://semarc/name/987 245 10$aLezionario per le messe della Beata Vergine Maria /$c[a cura della] Conferenza Episcopale Italiana. 300 $aXV, 267 p. :$bill. ;$c31 cm. 650 4$aLibri liturgici - Breviario romano - Ufficio della Beata Vergine Maria.$0(OLS)http://semarc/subject/23056 650 4$aLibri liturgici - Lezionario romano.$0(OLS)http://semarc/subject/6672 710 2 $aConferenza Episcopale Italiana.$0(OLS)http://semarc/name/95789 850 $aSeMil 852 $aSeMil$W1$xVenegono$y1$m3KK V 3$j265995$B2065$CSeMilBibl$Z2$F2065 $8I 910 2 $aSanta Sede. 961 $aRecupero: Altro 996 $6020$a88-209-1583-9$9(OLS)http://semarc/number/4318 996 $6245$aLezionario per le messe della Beata Vergine Maria$9(OLS)http://semarc/title/49407